LEADER 00960cam0 2200277 450 001 E600200058976 005 20201119110516.0 010 $a3885350343 100 $a20100126d1982 |||||ita|0103 ba 101 $ager 102 $aDE 200 1 $a<>unbewuß Hegel$eZum Verhältnis der Wissenschaft der Logik zu Marx' Kritik der politischen Ökonomie$fWalter Neumann 210 $aFrankfurt$cMaterialis$d1892 215 $a152 p.$d21 cm 225 2 $aMaterialis Programm$v19 410 1$1001LAEC00028032$12001 $a*Materialis Programm$v19 700 1$aNeumann$b, Walter$3A600200059390$4070$0349595 801 0$aIT$bUNISOB$c20201119$gRICA 850 $aUNISOB 852 $aUNISOB$j100$m71728 912 $aE600200058976 940 $aM 102 Monografia moderna SBN 941 $aM 957 $a100$b007987$gSi$d71728$racquisto$1pregresso1$2UNISOB$3UNISOB$420100126115114.0$520201119110504.0$6Alfano 996 $aUnbewuß Hegel$91706864 997 $aUNISOB LEADER 03551nam0 2200709 i 450 001 SBL0069420 005 20251003044348.0 020 $aIT$b686285 100 $a19910930d1968 ||||0itac50 ba 101 | $aita$ceng 102 $ait 181 1$6z01$ai $bxxxe 182 1$6z01$an 200 1 $aˆIl ‰capitale monopolistico$esaggio sulla struttura economica e sociale americana$fPaul A. Baran e Paul M. Sweezy$gtraduzione di Luigi Occhionero 210 $aTorino$cG. Einaudi$d\\1968! 215 $aXIII, 329 p.$d22 cm. 225 | $aNuova biblioteca scientifica Einaudi$v23 314 $aSC/VEA 06/11/96 SC/VEA 06/11/96 SC/MIL 24/11/95 SC/MIL 24/11/95$9CFIV000019 314 $aSC/ 23/09/03 SC/UBO 09/05/97 SC/UBO 09/05/97 SC/UBO 09/05/97$9RAVV017372 410 0$1001CFI0011662$12001 $aNuova biblioteca scientifica Einaudi$v23 500 10$aMonopoly capital $3RAV0030299$9RAVV017372$936283 606 $aMonopoli$xStati Uniti d'America$2FIR$3SBLC002716$9I 606 $aCapitalismo$2FIR$3CFIC001630$9E 676 $a306.30973$9ISTITUZIONI ECONOMICHE. STATI UNITI D'AMERICA$v21 676 $a330$9SCIENZE ECONOMICHE$v20 676 $a330.122$9ECONOMIA DEL LAVORO. Economia della libera impresa$v20 676 $a330.1220973$9CAPITALISMO. STATI UNITI.$v21 676 $a330.973$9SITUAZIONI E CONDIZIONI ECONOMICHE. STATI UNITI$v21 676 $a330.97309$9SITUAZIONI E CONDIZIONI ECONOMICHE NEGLI STATI UNITI D'AMERICA. 1901-$v20 676 $a330.973092$9SITUAZIONI E CONDIZIONI ECONOMICHE NEGLI STATI UNITI, 1953-$v20 676 $a338.8$9CONCENTRAZIONI DI IMPRESE$v12 676 $a338.8$9CONCENTRAZIONE DI IMPRESE$v17 676 $a338.8$9FUSIONI DI IMPRESE (CONCENTRAZIONE)$v19 676 $a338.8$9PRODUZIONE. CONCENTRAZIONI$v20 676 $a338.8$9CONCENTRAZIONI DI IMPRESE$v21 676 $a338.82$9CONCENTRAZIONI DI IMPRESE. PRASSI RESTRITTIVE$v23 686 $aUS/X42.0$cPOLITICA E CULTURA STATI UNITI D'AMERICA$2R 686 $aUS/X43.0$cECONOMIA E SOCIETA STATI UNITI D'AMERICA$2R 686 $aX00.1$cINTERPRETAZIONI ED ASPETTI GENERALI$2R 686 $aX09.0$cSCIENZE ECONOMICO-SOCIALI$2R 686 $aX09.1$cTEORIA ECONOMICA$2R 686 $aX30.0$cSTORIA ECONOMICO-SOCIALE$2R 696 $aNeocapitalismo 699 $aCapitalismo$zNeocapitalismo 700 1$aBaran$b, Paul A.$3RAVV017372$4070$0119660 701 1$aSweezy$b, Paul Marlor$3CFIV000019$4070$0437361 702 1$aOcchionero$b, Luigi$3SBLV018044 790 1$aSweezy$b, Paul$3MILV155077$zSweezy, Paul Marlor 790 1$aSweezy$b, Paul M.$3MILV155079$zSweezy, Paul Marlor 801 3$aIT$bIT-000000$c19910930 850 $aIT-BN0095 $aIT-SA0252 $aIT-AV0003 $aIT-NA0079 $aIT-NA0581 $aIT-NA0817 $aIT-SA0335 901 $bNAP 83$cIAN $n$ 901 $bNAP OS$cBIBLIOTECA$n$ 901 $bNAP PV$cBIB PV $n$ 901 $bNAP FC$cFONDO $n$ 901 $bNAP 01$cPOZZO LIB.$nVi sono collocati fondi di economia, periodici di ingegneria e scienze, periodici di economia e statistica e altri fondi comprendenti documenti di economia pervenuti in dono. 901 $bNAP AR$cP. CICCONE$nDONAZIONE 912 $aSBL0069420 950 0$aBiblioteca Centralizzata di Ateneo$c1 v.$d 01POZZO LIB.F. CORTI 564$e 01 0000129455E VMA 1 v.$fB $h20230928$i20231003 977 $a 01$a 83$a AR$a BN$a FC$a OS$a PV 996 $aMonopoly capital$936283 997 $aUNISANNIO